Слово солдата: сборник; Двадцать из семисот; В небе Сталинграда; Атакуют торпедные катера; Боль взывает к людям; Среди польских партизан; Освобождая Прибалтику; Стальные ветры

Detaylı Bibliyografya
Diğer Yazarlar: Носков И. Д. (редактор), Васильев В. П. (иллюстратор)
Özet:Посвящается 50-летию Великой Победы
Dil:Rusça
Baskı/Yayın Bilgisi: Москва, Патриот, 1991
TOC:В. Шмелев, Двадцать из семисот;
А. Попов, В небе Сталинграда;
В. Быков, Атакуют торпедные катера;
В. Галанинская, Боль взывает к людям;
Д. Пузь, Среди польских партизан;
С. Исаченко, Освобождая Прибалтику;
А. Бурдейный, Стальные ветры;
Konular:
Materyal Türü: Kitap
KOHA link:https://koha.lib.tpu.ru/cgi-bin/koha/opac-detail.pl?biblionumber=170387

MARC

LEADER 00000nam0a2200000 4500
001 170387
005 20231031163703.0
010 |a 5703003954 
020 |a RU  |b 91-52574 
035 |a (RuTPU)RU\TPU\book\184786 
035 |a RU\TPU\book\184783 
090 |a 170387 
100 |a 20091123d1991 m y0rusy5003 ca 
101 0 |a rus 
102 |a RU 
105 |a a z 010zy 
200 1 |a Слово солдата  |e сборник  |f ред.-сост. И. Д. Носков ; худож. В. П. Васильев 
210 |a Москва  |c Патриот  |d 1991 
215 |a 494,[2] с.  |d 21 см  |c ил. 
300 |a Посвящается 50-летию Великой Победы 
464 |t Двадцать из семисот  |f В. Шмелев 
464 |t В небе Сталинграда  |f А. Попов 
464 |t Атакуют торпедные катера  |f В. Быков 
464 |t Боль взывает к людям  |f В. Галанинская 
464 |t Среди польских партизан  |f Д. Пузь  
464 |t Освобождая Прибалтику  |f С. Исаченко 
464 |t Стальные ветры  |f А. Бурдейный 
610 1 |a Великая Отечественная война 1941-1945 
610 1 |a победа 
686 |a Т3(2)722  |2 rubbk 
702 1 |a Носков  |b И. Д.  |4 340 
702 1 |a Васильев  |b В. П.  |4 440 
801 0 |a RU  |b RuMRKP  |c 19950417  |g psbo 
801 1 |a RU  |b 63413507  |c 20091123 
801 2 |a RU  |b 63413507  |c 20140303  |g RCR 
942 |c BK